1537 1825 1983 1894 1777 1197 1915 1363 1392 1947 1577 1508 1840 1606 1223 1223 1126 1147 1956 1307 1341 1090 1977 1490 1056 1054 1600 1413 1224 1234 1908 1207 1507 1144 1396 1195 1957 1993 1740 1301 1920 1429 1919 1960 1861 1590 1653 1803 1152 1622 1398 1285 1103 1288 1760 1639 1946 1199 1910 1007 1353 1538 1394 1165 1287 1094 1605 1039 1657 1553 1918 1096 1259 1728 1454 1938 1332 1813 1817 1273 1765 1789 1747 1079 1156 1822 1824 1937 1214 1250 1399 1476 1664 1458 1266 1584 1098 1401 1200 BCNSPRNW ULIB Ver.6.0+V

เปลี่ยนเป็นภาษาไทย

Change to English
 แสดงรายละเอียดบรรณานุกรม
  กลับหน้าหลัก

Brief Record : Get Marc (ISO 2709) : E-mail record : QR code < ปิดหน้าต่าง
LEADER : 00000nam 2200000uu 4500
001    13399126813
003     ULIB
008    190307s2009||||th 000 0 eng d
020 ^- ^a9781428304192 (pbk.)
060 00 ^aQS34.5^bS66
100 1^ ^aScott, Ann Senisi,
245 10 ^aBody structures & functions /Ann Senisi Scott, Elizabeth Fong
250 ^- ^a11th ed.
260 ^- ^aAustralia ;Clifton Park, N.Y. ,^c2009.
300 ^- ^axxii, 530 p. ;24 cm. +1 CD ROM (4 3/4 in.)
500 ^- ^aIncludes index.
505 0^ ^aIntroduction to the structural units -- Chemistry of living things -- Cells -- Tissues and membranes -- Integumentary system -- Skeletal system -- Muscular system -- Central nervous system -- Peripheral and autonomic nervous system -- Special senses -- Endocrine system -- Blood -- Heart -- Circulation and blood vessels -- Lymphatic system and immunity -- Infection control and standard precautions -- Respiratory system -- Digestive system -- Nutrition -- Urinary/excretory system -- Reproductive system -- Genetics and genetically linked diseases.
538 ^- ^aSystems requirements for accompanying computer disk: 100 MHz Pentium w/24 MB of RAM; Windows 95 or newer; Sound card and speakers, SVGA 24-bit color display; 8 megabytes of free disk space.
650 ^0 ^aHuman physiology.
650 ^0 ^aHuman anatomy.
650 12 ^aPhysiology
650 22 ^aAnatomy
650 ^6 ^aPhysiologie humaine.
650 ^6 ^aAnatomie humaine.
700 1^ ^aFong, Elizabeth.
945    ^p0^l0^i005463
999    ^aประนอม เกษจรัล
รายการนี้ยังไม่มีแท็ก
คุณยังไม่ได้ล็อกอิน คุณสามารถมีกิจกรรมร่วมกับเว็บไซต์ได้ แต่ต้องล็อกอินก่อน ::
  ล็อกอิน

รายการสื่อสารสนเทศ

ลำดับที่ ประเภท เลขเรียก/บาร์โค้ด สถานที่ สถานะ
1. วิทยาศาสตร์การแพทย์ และสุขภาพ
หนังสือสำรอง
สถานะ=หนังสือสำรอง
QS34.5 S66 ฉ.1 
  Barcode: 005463
ห้องสมุดวิทยาเขตสวรรค์ประชารักษ์
►หนังสือทั่วไป
บนชั้น

รายการใกล้เคียง
    หัวเรื่อง [Physiology]
    หัวเรื่อง [Anatomy]

BibComment


ยังไม่เคยถูกคอมเมนท์

คอมเมนท์ทรัพยากรรายการนี้
  คอมเมนท์: Body structures ..


 Copyright 2026. Bcnsprnw @Library